<?xml version="1.0" encoding="UTF-8"?>
<record
    xmlns:xsi="http://www.w3.org/2001/XMLSchema-instance"
    xsi:schemaLocation="http://www.loc.gov/MARC21/slim http://www.loc.gov/standards/marcxml/schema/MARC21slim.xsd"
    xmlns="http://www.loc.gov/MARC21/slim">

  <leader>01112nam a2200253Ia 4500</leader>
  <controlfield tag="003">IN-BaIIA</controlfield>
  <controlfield tag="008">211028s9999    xx            000 0 eng d</controlfield>
  <datafield tag="020" ind1=" " ind2=" ">
    <subfield code="a">0-7354-0213-2</subfield>
  </datafield>
  <datafield tag="040" ind1=" " ind2=" ">
    <subfield code="c">IIA Library</subfield>
  </datafield>
  <datafield tag="080" ind1=" " ind2=" ">
    <subfield code="a">524.3(082.2)</subfield>
    <subfield code="b">EQA</subfield>
  </datafield>
  <datafield tag="111" ind1=" " ind2=" ">
    <subfield code="a">Conference on Equation-of-State and Phase-Transition Issues in Models of Ordinary Astrophysical Matter</subfield>
    <subfield code="c">The Netherlands</subfield>
    <subfield code="d">2004 June 2 -11</subfield>
    <subfield code="9">29405</subfield>
  </datafield>
  <datafield tag="245" ind1=" " ind2="0">
    <subfield code="a">Equation-of-state and phase-transition issues in models of ordinary astrophysical matter</subfield>
    <subfield code="b">proceedings of the conference held in Leiden,The Netherlands, 2 - 11 June 2004</subfield>
    <subfield code="c">edited by Vladan Celebonovic, Werner Dappen and  Douglas Gough                                         </subfield>
  </datafield>
  <datafield tag="260" ind1=" " ind2=" ">
    <subfield code="a">Melville</subfield>
    <subfield code="b">American Institute of Physics</subfield>
    <subfield code="c">2004</subfield>
  </datafield>
  <datafield tag="300" ind1=" " ind2=" ">
    <subfield code="a">x, 312p.</subfield>
  </datafield>
  <datafield tag="490" ind1=" " ind2=" ">
    <subfield code="a">AIP conference proceedings; v. 731</subfield>
  </datafield>
  <datafield tag="650" ind1=" " ind2=" ">
    <subfield code="a">Astronomical matter</subfield>
    <subfield code="9">29406</subfield>
  </datafield>
  <datafield tag="650" ind1=" " ind2=" ">
    <subfield code="a">Solar system</subfield>
  </datafield>
  <datafield tag="650" ind1=" " ind2=" ">
    <subfield code="a">Stars</subfield>
  </datafield>
  <datafield tag="700" ind1=" " ind2=" ">
    <subfield code="a">Celebonovic, Vladan, ed.</subfield>
    <subfield code="9">29407</subfield>
  </datafield>
  <datafield tag="700" ind1=" " ind2=" ">
    <subfield code="a">Dappen, Werner, ed.</subfield>
    <subfield code="9">29408</subfield>
  </datafield>
  <datafield tag="700" ind1=" " ind2=" ">
    <subfield code="a">Gough, Douglas, ed.</subfield>
    <subfield code="9">29329</subfield>
  </datafield>
  <datafield tag="710" ind1=" " ind2=" ">
    <subfield code="a">American Institute of Physics    </subfield>
    <subfield code="9">2416</subfield>
  </datafield>
  <datafield tag="942" ind1=" " ind2=" ">
    <subfield code="c">BK</subfield>
  </datafield>
  <datafield tag="999" ind1=" " ind2=" ">
    <subfield code="c">15931</subfield>
    <subfield code="d">15931</subfield>
  </datafield>
  <datafield tag="952" ind1=" " ind2=" ">
    <subfield code="0">0</subfield>
    <subfield code="1">0</subfield>
    <subfield code="4">0</subfield>
    <subfield code="7">0</subfield>
    <subfield code="a">BAN</subfield>
    <subfield code="b">BAN</subfield>
    <subfield code="c">GEN</subfield>
    <subfield code="d">2005-07-20</subfield>
    <subfield code="e">EDS   </subfield>
    <subfield code="g">7859.75</subfield>
    <subfield code="l">0</subfield>
    <subfield code="o">524.3(082.2)/ EQA</subfield>
    <subfield code="p">16853</subfield>
    <subfield code="r">2021-11-05</subfield>
    <subfield code="v">7859.75</subfield>
    <subfield code="w">2005-07-20</subfield>
    <subfield code="y">BK</subfield>
    <subfield code="G">Rs. 7859.75  </subfield>
  </datafield>
</record>
